Elektrotechnická spôsobilosť pre elektrikárov v priestoroch s nebezpečenstvom výbuchu

Podrobná bibliografia
Hlavní autori: Meravý, Ján (elektrotechnik) (Autor), Pohludka, Jan, 1956- (Autor), Berec, Miloš (Autor)
Médium: Kniha
Jazyk:slovenčina
Fyzický popis:263 strán fotografie, ilustrácie, tabuľky 30 cm
Vydavateľské údaje: Trenčín Lightning 2018
ISBN:9788089576067
Vydanie:Prvé pôvodné vydanie
Predmet:

MARC

LEADER 00000cam a2200000 4500
001 vtls011786836
003 SK-MaSNL
005 20260301045952.0
008 210624s2018 xo oa frnf 000 0 slo
015 |a SNBA2019/02 
020 |a 9788089576067  |q (brožované) 
035 |a 76BF3F0E-C12E-4F3D-AACB-A0B6A8745555 
035 |a urn:nbn:sk:snk-am3idmb 
035 |a urn:nbn:sk:snk-am00e61x 
040 |a SNK  |b slo  |c SNK  |e rda 
041 0 |a slo 
044 |a xo  |c SK 
072 7 |a 621.3  |x Elektrotechnika  |2 konspekt 
080 |a 621.31-1  |2 2011 
080 |a 331.45  |2 2011 
080 |a 621.3  |2 2011 
080 |a (035)  |2 2011 
080 |a 614.837/.838  |2 2011 
100 1 |a Meravý, Ján  |c (elektrotechnik)  |4 aut  |9 183571 
245 1 0 |a Elektrotechnická spôsobilosť pre elektrikárov  |b v priestoroch s nebezpečenstvom výbuchu  |c Ján Meravý, Ján Pohludka, Miloš Berec 
250 |a Prvé pôvodné vydanie 
264 1 |a Trenčín  |b Lightning  |c 2018 
300 |a 263 strán  |b fotografie, ilustrácie, tabuľky  |c 30 cm 
336 |a text  |b txt  |2 rdacontent 
337 |a bez média  |b n  |2 rdamedia 
338 |a zväzok  |b nc  |2 rdacarrier 
504 |a Obsahuje bibliografiu na strane 241 
650 0 7 |a elektrické zariadenia  |2 SNKPH  |9 3916 
650 0 7 |a bezpečnosť práce  |2 SNKPH  |9 1296 
650 0 7 |a elektrotechnika  |2 SNKPH  |9 3619 
650 0 7 |a prevencia výbuchov  |2 SNKPH  |9 85700 
650 0 7 |a Electric equipments  |2 SNKPHeng  |9 303254 
650 0 7 |a Industrial safety  |2 SNKPHeng  |9 267226 
650 0 7 |a Electric engineering  |2 SNKPHeng  |9 266630 
650 0 7 |a Prevention of explosions  |2 SNKPHeng  |9 321307 
655 7 |a príručky  |2 SNKPH  |9 74364 
655 7 |a Handbooks, manuals, etc.  |2 SNKPHeng  |9 90964 
700 1 |a Pohludka, Jan,  |d 1956-  |4 aut  |9 183567 
700 1 |a Berec, Miloš  |4 aut  |9 300425 
919 |a 978-80-89576-06-7 
958 |a NB 
999 |c 599813  |d 601743 
952 |a SNK  |b SNK  |y PREZ  |7 0  |p 17A1359387  |o snkSB 93752  |i snk2019/3251  |8 0  |0 0  |1 0  |4 0  |d 2019-02-05  |f 1  |l 0  |r 2025-05-15 00:00:00  |w 2026-02-23 
952 |a SNK  |b SNK  |y VYP  |7 0  |p 17A1359388  |o snkSB 93752 D1  |i snk2019/3252  |8 0  |0 0  |1 0  |4 0  |d 2019-02-05  |l 0  |r 2026-02-23 15:51:09  |w 2026-02-23